Parts of a leaf - Map Quiz - Statistics

General Stats
  • This quiz has been taken 394 times
  • The average score is 4 of 6
Answers on the Map
Answers color-coded by a green-red scale on the quiz's map according to % correct below.
 
Answer Stats
Answer % Correct
Veins
89%
Leaf apex
80%
Midrib
72%
Leaf margin
68%
Petiole
68%
Blade
65%
No matching quizzes found
Score Distribution
Percent of People with Each Score
Percentile by Number Answered
Your Score History
You have not taken this quiz